|
|
|
|
| LEADER |
00000nam a2200000 a 4500 |
| 001 |
vtls001287755 |
| 003 |
SK-MaSNL |
| 005 |
20260301004454.0 |
| 008 |
210928s1986 xxu g 00000deng |
| 020 |
|
|
|a 0912289082
|q (viaz.)
|
| 035 |
|
|
|a SNK000239342
|
| 040 |
|
|
|a SNK
|b slo
|c SNK
|e AACR2
|
| 041 |
0 |
|
|a eng
|
| 044 |
|
|
|a xxu
|c US
|a xxk
|c GB
|
| 072 |
|
7 |
|a 791
|x Film. Cirkus. Ľudová zábava
|2 konspekt
|
| 080 |
|
|
|a 791.635-051
|2 2001
|
| 080 |
|
|
|a 791.635-055.2
|2 2001
|
| 080 |
|
|
|a (048.8)
|2 2001
|
| 245 |
0 |
4 |
|a The international dictionary of films and filmmakers
|n Volume III
|p Actors and actresses
|c editor: James Vinson ; assistant editors: Christopher Lyon, Greg S. Faller
|
| 246 |
3 |
0 |
|a Actors and actresses
|
| 250 |
|
|
|a 1st publ.
|
| 260 |
|
|
|a Chicago
|a London
|b St. James Press
|c 1986
|
| 300 |
|
|
|a x, 670 s.
|c 24 cm
|
| 650 |
0 |
7 |
|a filmoví herci
|2 SNKPH
|9 3086
|
| 650 |
0 |
7 |
|a filmové herečky
|2 SNKPH
|9 1133
|
| 655 |
|
7 |
|a prehľady
|2 SNKPH
|9 70194
|
| 700 |
1 |
|
|a Vinson, James
|4 edt
|9 287342
|
| 700 |
1 |
|
|a Lyon, Christopher
|4 edt
|9 287343
|
| 700 |
1 |
|
|a Faller, Greg. S.
|4 edt
|9 287344
|
| 958 |
|
|
|a OND
|
| 999 |
|
|
|c 542236
|d 544166
|
| 952 |
|
|
|a SNK
|b SNK
|y VYP
|7 0
|p 17A0063762
|o snkIC 141804
|i snk2015/11826
|8 5
|0 0
|1 0
|4 0
|d 1997-05-20
|l 0
|r 2005-01-02 00:00:00
|w 2026-02-23
|